<?xml version="1.0" encoding="UTF-8"?><?xml-stylesheet type="text/xsl" href="static/style.xsl"?><OAI-PMH xmlns="http://www.openarchives.org/OAI/2.0/" xmlns:xsi="http://www.w3.org/2001/XMLSchema-instance" xsi:schemaLocation="http://www.openarchives.org/OAI/2.0/ http://www.openarchives.org/OAI/2.0/OAI-PMH.xsd"><responseDate>2026-06-30T01:25:21Z</responseDate><request verb="GetRecord" identifier="oai:docta.ucm.es:20.500.14352/52966" metadataPrefix="marc">https://docta.ucm.es/rest/oai/request</request><GetRecord><record><header><identifier>oai:docta.ucm.es:20.500.14352/52966</identifier><datestamp>2023-07-18T03:58:20Z</datestamp><setSpec>com_20.500.14352_14</setSpec><setSpec>col_20.500.14352_15</setSpec></header><metadata><record xmlns="http://www.loc.gov/MARC21/slim" xmlns:dcterms="http://purl.org/dc/terms/" xmlns:xsi="http://www.w3.org/2001/XMLSchema-instance" xmlns:doc="http://www.lyncode.com/xoai" xsi:schemaLocation="http://www.loc.gov/MARC21/slim http://www.loc.gov/standards/marcxml/schema/MARC21slim.xsd">
   <leader>00925njm 22002777a 4500</leader>
   <datafield ind2=" " ind1=" " tag="042">
      <subfield code="a">dc</subfield>
   </datafield>
   <datafield ind2=" " ind1=" " tag="720">
      <subfield code="a">Zozaya Montes, Leonor</subfield>
      <subfield code="e">author</subfield>
   </datafield>
   <datafield ind2=" " ind1=" " tag="260">
      <subfield code="c">2008</subfield>
   </datafield>
   <datafield ind2=" " ind1=" " tag="520">
      <subfield code="a">La Historia de los archivos municipales de los Reinos Hispanos ha sido una materia insuficientemente estudiada. De ello derivan varios problemas, uno de los cuales se refleja en las periodizaciones de la Historia de la Archivística de la Edad Moderna, donde los tratadistas
han dado excesivo protagonismo a la teoría denominada de los
Archivos de Estado, pero se trata de una hipótesis importada de Europa que no se adapta a la realidad hispánica. En esas periodizaciones han de tenerse en cuenta los archivos municipales, así como las leyes que dictaron los monarcas para imponer su obligatoriedad en los concejos, con las consecuencias que todo ello comportó. [ABSTRACT] The History of the municipal archives of the Hispanic Kingdoms has been insufficiently studied. Due to this a number of problems arise. One of these problems is the periodisation of archivism in the Modern Age, to which specialists have given an excessive role to the socalled State Archive theory, a hypothesis imported from Europe which cannot be adapted to Hispanic reality. These periodisations should take into account laws dictated by the kings to enforce the creation of Town Hall archives everywhere in the realm, and their consequences.</subfield>
   </datafield>
   <datafield ind1="8" ind2=" " tag="024">
      <subfield code="a">1697-4328</subfield>
   </datafield>
   <datafield ind1="8" ind2=" " tag="024">
      <subfield code="a">https://hdl.handle.net/20.500.14352/52966</subfield>
   </datafield>
   <datafield ind1="8" ind2=" " tag="024">
      <subfield code="a">http://www.ucm.es/info/documen/htm/default.htm</subfield>
   </datafield>
   <datafield ind1="8" ind2=" " tag="024">
      <subfield code="a">http://www.ucm.es/centros/webs/d443/</subfield>
   </datafield>
   <datafield ind2="0" ind1="0" tag="245">
      <subfield code="a">Una revisión de las periodizaciones archivísticas de la Edad Moderna española</subfield>
   </datafield>
</record></metadata></record></GetRecord></OAI-PMH>